Analýza produktivity v sekcii obchodu a služieb diplomová práca

Guardado en:
Detalles Bibliográficos
Autor principal: Orosová, Kristína
Autor Corporativo: Podnikovohospodárska fakulta EU so sídlom v Košiciach. Katedra kvantitatívnych metód
Otros Autores: Megyesiová, Silvia, 1969-
Formato: Libro
Lenguaje:eslovaco
Publicado: Košice 2022
Etiquetas: Agregar Etiqueta
Sin Etiquetas, Sea el primero en etiquetar este registro!

MARC

LEADER 00000nbm a2200000 4500
001 0284813
005 20230502101136.6
041 0 |a slo 
044 |a SK 
245 1 0 |a Analýza produktivity v sekcii obchodu a služieb  |b diplomová práca  |c Kristína Orosová ; školiteľ: Silvia Megyesiová 
264 1 |a Košice  |c 2022 
300 |a 69 s. 
100 1 |a Orosová, Kristína 
700 1 |a Megyesiová, Silvia, 1969- 
710 2 |a Podnikovohospodárska fakulta EU so sídlom v Košiciach. Katedra kvantitatívnych metód